| 000 | 00000nam##2200000za#4500 |
| 001 | 9.571701 |
| 003 | CaOODSP |
| 005 | 20211126112845 |
| 007 | cr ||||||||||| |
| 008 | 150406|1999||||xxc|||||o f|0| 0 eng|d |
| 022 | |a1701-9397 |
| 040 | |aCaOODSP|beng |
| 043 | |an-cn--- |
| 086 | 1 |aFB3-2/99-17E-PDF |
| 110 | 2 |aBank of Canada. |
| 245 | 10|aCanada's exchange rate regime and North American economic integration : |h[electronic resource]|bthe role of risk-sharing mechanisms / |cby Zahir Antia, Ramdane Djoudad and Pierre St-Amant. |
| 260 | |aOttawa - Ontario : |bBank of Canada |cOctober 1999. |
| 300 | |a31p.|breferences, tables |
| 490 | 1 |aBank of Canada working paper|x1701-9397|v99-17 |
| 500 | |a"In section 1 of this paper, we briefly survey the empirical literature on international and intranational smoothing mechanisms. In section 2, we present our methodology and the data we use. Section 3 discusses results for both the intra-Canada smoothing of regional shocks and the smoothing of shocks affecting Canada and the United States. We conclude in section 4."--Pages 2-3. |
| 500 | |aThe catalogue number (FB3-2/99-17E), ISBN (0-662-28181-0), and ISSN (1192-5434) for the print edition have been incorrectly copied in this electronic publication. |
| 520 | 3 |aIn section 1 of this paper, we briefly survey the empirical literature on international and intranational smoothing mechanisms. In section 2, we present our methodology and the data we use. Section 3 discusses results for both the intra-Canada smoothing of regional shocks and the smoothing of shocks affecting Canada and the United States. We conclude in section 4.--Pages 2-3 |
| 546 | |aRésumé en français. |
| 590 | |a11-20-Supp|b2011-09-29 |
| 690 | 07|aExchange rates|2gcpds |
| 690 | 07|aConsumerism|2gcpds |
| 690 | 07|aMarkets|2gcpds |
| 720 | 1 |aSt-Amant, Pierre |
| 720 | 1 |aAntia, Zahir |
| 720 | 1 |aDjoudad, Ramdane |
| 776 | 0#|tCanada's exchange rate regime and North American economic integration : |w(CaOODSP)9.614938 |
| 830 | #0|aWorking paper (Bank of Canada)|x1701-9397|v99-17|w(CaOODSP)9.504604 |
| 856 | 40|ahttp://publications.gc.ca|qPDF|s110 KB|uhttps://publications.gc.ca/collections/Collection/FB3-2-99-17E.pdf|y99-17 |